000 00403nam a2200157Ia 4500
001 8988
008 140325s9999 xx 000 0 und d
020 _a0-671-71117-2
040 _cPK-LaUMT
082 _a 158.1
_bCOV-S
100 _aCovey, Stephen R.
245 4 _aThe seven habits of highly effective people : Restoring the char
_cCovey, Stephen R.
260 _c1992
546 _aEN
942 _cBK
999 _c10203
_d10203